寺田寛明 つかみ - Statistics

General Stats
  • This quiz has been taken 15 times
  • The average score is 5 of 12
Answer Stats
タイトル お題 ボケ % Correct
「国語辞典コメント欄」 インスタにしょっちゅう 肉寿司の写真を 載せる女は…「????」 肉寿司がだぁいすき
83%
「図で表そう」 マンションの名前みたいな芸人BEST3 3位「エルフ荒川」 2位「モダンタイムス川崎」1位「????」 エバース町田
50%
「マナー」 2人組アイドルみたいなアメリカの都市「????」 ほのるる
50%
『一応確認しとくか』 あらかじめ差し引くぞコラ「????」 源泉徴収力
42%
「日本ダジャレ賞 選評」 二度の元寇を打ち破ったたまごっと「????」 蒙古 こないからねー
42%
「苗字」 男ばかりの趣味の界隈に 1人だけいる ちびまる子ちゃん「????」 アタシャーの姫
42%
『数陰』 元気なオタクみたいな言葉ランキング1位「????」 健(すこ)
33%
「英文読解 ゲッツの謎」 お野菜慣用句 2本のナスが高いレベルで拮抗して争っている様子「????」 双璧お茄子
33%
「吹奏楽部」 プリキュアが50年くらい続いてやることが無くなってきたときのタイトル「????」 メールチェックプリキュア
33%
「りんごのご」 ドリandカム「????」 なんどでも~
17%
「第2回 日本ダジャレ賞 選評」 割烹料理店の料理人同士が付き合った場合「????」 couple(カッポウ)
17%
「逆プロポーズ」 外を眺めている頃の貴乃花「????」 窓辺~
8%
No matching quizzes found
Score Distribution
Percent of People with Each Score
Percentile by Number Answered
Your Score History
You have not taken this quiz